| 000 | 00369 a2200157 4500 | ||
|---|---|---|---|
| 001 | 192454 | ||
| 020 | _a85-7338-091-8 | ||
| 040 | _cMagnum | ||
| 100 | _aEdipar Edições e Participações Ltda | ||
| 240 | 1 | 0 |
_aMiau-miau: o gato estátua _lpor |
| 245 | 1 | 0 | _aMiau-miau: o gato estátua |
| 300 | _a8 | ||
| 440 | 1 | _aDcl | |
| 697 | _aLITERATURA INFANTIL | ||
| 942 | _cBK | ||
| 999 |
_c192454 _d192454 |
||